| 000 -ლიდერი |
| ფიქსირებული სიგრძის საკონტროლო ველი |
01072nam a2200241Ia 4500 |
| 001 - საკონტროლო ნომერი |
| საკონტროლო ველი |
21634 |
| 003 - საკონტროლო ნომრის იდენტიფიკატორი |
| საკონტროლო ველი |
GE_BSU |
| 005 - ბოლო ოპერაციის თარიღი და დრო |
| საკონტროლო ველი |
20211207160553.0 |
| 008 - ფიქსირებული სიგრძის მონაცემთა ელემენტები - ზოგადი ინფორმაცია |
| ფიქსირებული სიგრძის საკონტროლო ველი |
181216s1981||||ge |||||||||||||| ||geo|| |
| 040 ## - კატალოგიზაციის წყარო |
| Transcribing agency |
GE_BSU |
| 041 ## - ენის კოდი |
| Language code of text/sound track or separate title |
geo |
| 080 ## - უნივერსალური ათობითი კლასიფიკაციის ინდექსი |
| Universal Decimal Classification number |
811.353.1-8(075.8) კ-38 |
| 100 ## - მთავარი ჩანაწერი - პიროვნების სახელი |
| Personal name |
კეკელია, შ. |
| 9 (RLIN) |
7846 |
| 245 ## - ცნობა სათაურის შესახებ |
| Title |
ქართული ენა : |
| Remainder of title |
პედ. ინ-ტის ბიბლიოთეკათმცოდნ. ფაკ-ტის სტუდენტთა სახელმძღვ. / |
| Statement of responsibility, etc |
შ. კეკელია, ა. დავითიანი ; რედ. ნ. სუხიტაშვილი. |
| 250 ## - გამოცემის ცნობა |
| Edition statement |
მე-2 გამოცემა |
| 264 ## - წარმოების, გამოცემის, დისტრიბუციის და სხვა ცნობები |
| გამოცემის, წარმოების, დისტრიბუციის... ადგილი |
თბილისი : |
| გამოცემის, წარმოების, დისტრიბუციის... სახელწოდება |
განათლება, |
| გამოცემის, წარმოების, დისტრიბუციის... თარიღი |
1981. |
| 300 ## - ფიზიკური აღწერა |
| Extent |
423 გვ. ; |
| Dimensions |
21სმ. |
| 653 ## - INDEX TERM--UNCONTROLLED |
| Uncontrolled term |
ქართული ენა |
| 700 ## - ADDED ENTRY--PERSONAL NAME |
| Personal name |
დავითიანი, ა. |
| Relator term |
ავტორი |
| 9 (RLIN) |
3905 |
| 700 ## - ADDED ENTRY--PERSONAL NAME |
| Personal name |
სუხიტაშვილი, ნ. |
| Relator term |
რედაქტორი |
| 9 (RLIN) |
13202 |
| 942 ## - ADDED ENTRY ELEMENTS (KOHA) |
| Koha item type |
წიგნი |
| Source of classification or shelving scheme |
|